| 000 | 01017cab a2200313 4500 | ||
|---|---|---|---|
| 001 | ABS52506 | ||
| 008 | 090401t1995 xxu||||| |||| 00| 0 eng d | ||
| 035 | _a(Sirsi) u82399 | ||
| 041 | _aeng | ||
| 100 | _aGardiner, D. | ||
| 245 | _aGreen lanes ruined | ||
| 260 | _c1995 | ||
| 350 | _a0 | ||
| 490 |
_aCountry Landowner _vMarch 1995, 16-17(2) |
||
| 520 | _aArgues for the protection of Green Lanes (unsurfaced highways with vehicular rights) from the ravages of four-wheel drive vehicles. Outlines proposals to the DoE from Berkshire CC to restrict vehicular use and reduce maintenance costs. | ||
| 650 | _aANCIENT TRACKWAYS | ||
| 650 | _aBERKSHIRE CC | ||
| 650 | _aBOATS | ||
| 650 | _aBYWAYS OPEN TO ALL TRAFFIC | ||
| 650 | _aDAMAGE | ||
| 650 | _aFOUR-WHEEL DRIVE VEHICLES | ||
| 650 | _aGREEN LANES | ||
| 650 | _aROADS USED AS PUBLIC PATHS | ||
| 650 | _aRUPPS | ||
| 650 | _aTRAFFIC REGULATION ORDERS | ||
| 690 | _aHIGHWAYS RIGHTS OF WAY AND EASEMENTS | ||
| 942 | _n0 | ||
| 948 | _c04/03/1997 | ||
| 999 |
_c52019 _d52019 |
||